The Real Slim Shady Chorus - Eminem - Statistics

General Stats
  • This quiz has been taken 217 times
  • The average score is 31 of 34
Answer Stats
Lyrics % Correct
real
99%
Real
99%
Shady
99%
Shady
99%
Shady
99%
Slim
99%
Slim
99%
Slim
99%
The
99%
The
99%
I'm
96%
I'm
96%
Please
93%
Please
93%
Please
93%
Please
93%
Stand
93%
Stand
93%
Stand
93%
Stand
93%
Up
93%
Up
93%
Up?
93%
Up?
93%
Yes,
89%
All
86%
Are
85%
Other
85%
You
85%
Just
84%
So
84%
Shady's
82%
Imitating
77%
Won't
77%
No matching quizzes found
Score Distribution
Percent of People with Each Score
Percentile by Number Answered
Your Score History
You have not taken this quiz